Recherches sur les phosphorites du Quercy (Record no. 31997)

MARC details
000 -LEADER
campo de control de longitud fija 00900nam a2200205 i 4500
001 - NÚMERO DE CONTROL
campo de control 31997
003 - IDENTIFICADOR DE NÚMERO DE CONTROL
campo de control ES-MaACL
005 - FECHA Y HORA DE LA ÚLTIMA TRANSACCIÓN
campo de control 20250728063121.0
007 - CAMPO FIJO DE DESCRIPCIÓN FÍSICA--INFORMACIÓN GENERAL
campo de control de longitud fija t|
008 - DATOS DE LONGITUD FIJA--INFORMACIÓN GENERAL
campo de control de longitud fija 030207s1877 fr ||||1| fre d
100 1# - ENTRADA PRINCIPAL--NOMBRE DE PERSONA
Nombre de persona Filhol, Henri,
Fechas asociadas al nombre 1843-1902
9 (RLIN) 50835
245 10 - MENCIÓN DEL TÍTULO
Título Recherches sur les phosphorites du Quercy
Resto del título : étude des fossiles qu'on y rencontre et spécialement des mammifères.
Número de parte o sección de la obra , . Seconde partie /
Mención de responsabilidad, etc. par M. H. Filhol.
260 ## - PUBLICACIÓN, DISTRIBUCIÓN, ETC.
Lugar de publicación, distribución, etc. Paris :
Nombre del editor, distribuidor, etc. G. Masson,
Fecha de publicación, distribución, etc. 1877.
300 ## - DESCRIPCIÓN FÍSICA
Extensión 337 p., 28 lám. ;
Dimensiones 24 cm.
490 1# - MENCIÓN DE SERIE
Mención de serie Bibliothèque de l'Ecole des Hautes Etudes. Section des sciences naturelles ;
Designación de volumen o secuencia t. XVI, article 1
650 #4 - PUNTO DE ACCESO ADICIONAL DE MATERIA--TÉRMINO DE MATERIA
Término de materia o nombre geográfico como elemento de entrada Fósiles-
Subdivisión geográfica Francia.
9 (RLIN) 136153
830 00 - PUNTO DE ACCESO ADICIONAL DE SERIE-TÍTULO UNIFORME
Título uniforme Bibliothèque de l'École des Hautes Études. Section des sciences naturelles
Designación de volumen o secuencia t. XVI, article 1
9 (RLIN) 181413
852 ## - LOCALIZACIÓN
Ubicación ES-MaACL
Número de control de estantería G-11019(1)
condición física . - Encuadernado con otra obra
Holdings
Estatus retirado Estado de pérdida Estado de daño No para préstamo Colección Biblioteca de origen Biblioteca actual Ubicación en estantería Fecha de adquisición Fuente de adquisición Total de préstamos Signatura topográfica completa Código de barras Visto por última vez Precio de reemplazo Tipo de ítem Koha
        Libros del s. XIX Biblioteca del Ateneo de Madrid Biblioteca del Ateneo de Madrid Sala Pecera Planta 3 17/01/2008     G-11019(1) 1033106 23/02/2023 23/02/2023 Libro impreso antiguo